Schaum's outline of differential and integral calculus
Tallennettuna:
| Päätekijä: | |
|---|---|
| Aineistotyyppi: | Kirja |
| Kieli: | Undetermined |
| Julkaistu: |
New York
McGraw-Hill
1990
|
| Aiheet: | |
| Tagit: |
Lisää tagi
Ei tageja, Lisää ensimmäinen tagi!
|
| Thư viện lưu trữ: | Trung tâm Học liệu Trường Đại học Cần Thơ |
|---|
| LEADER | 00583nam a2200193Ia 4500 | ||
|---|---|---|---|
| 001 | CTU_22594 | ||
| 008 | 210402s9999 xx 000 0 und d | ||
| 020 | |b 57.5df | ||
| 082 | |a 515 | ||
| 082 | |b A985 | ||
| 100 | |a Frank Ayres | ||
| 245 | 0 | |a Schaum's outline of differential and integral calculus | |
| 245 | 0 | |c Frank Ayres, Elliott Mendelson | |
| 260 | |a New York | ||
| 260 | |b McGraw-Hill | ||
| 260 | |c 1990 | ||
| 650 | |a calculus - outlines, syllabi, etc,calculus - problems, exercises, etc | ||
| 904 | |i Minh, 980519 | ||
| 980 | |a Trung tâm Học liệu Trường Đại học Cần Thơ | ||